logo

Bir Sreshtho Munshi Abdur Rouf Library
Jhenaidah Cadet College

অভিচিন্তন: (Record no. 13917)

MARC details
000 -LEADER
fixed length control field 00949nam a2200253 a 4500
001 - CONTROL NUMBER
JCCL Control Number 13917
003 - CONTROL NUMBER IDENTIFIER
JCCL marc code BD-JhCC
005 - DATE AND TIME OF LATEST TRANSACTION
control field 20240515094249.0
008 - FIXED-LENGTH DATA ELEMENTS--GENERAL INFORMATION
fixed length control field 210831b2024 bg |||| ||a| 000 0 ben d
020 ## - INTERNATIONAL STANDARD BOOK NUMBER
International Standard Book Number 9789849812968
035 ## - SYSTEM CONTROL NUMBER
system control number (BD-JhCC)13917
040 ## - CATALOGING SOURCE
Original cataloging agency BD-JhCC
Modifying agency BD-JhCC
041 ## - LANGUAGE CODE
Language code of Book Bengali
082 ## - DEWEY DECIMAL CLASSIFICATION NUMBER
DDC Edition number 23
Classification number 297.4092
Author mark and Year BAD 2024
100 ## - MAIN ENTRY--PERSONAL NAME
Personal name বাদরি ,মালিক
245 ## - TITLE STATEMENT
Title অভিচিন্তন:
Remainder of title একটি ইসলামী মনোআধ্যাত্মিক চর্চা /
Statement of responsibility, etc মালিক বাদরি ,অনু: ইমদাদুল হক,আব্দুল ওয়াহিদ লু’লু ।
260 ## - PUBLICATION, DISTRIBUTION, ETC. (IMPRINT)
Place of publication, distribution, etc ঢাকা:
Name of publisher, distributor, etc BIIT;
Date of publication, distribution, etc ২০২৪.
300 ## - PHYSICAL DESCRIPTION
Pagination 216 p. :
Dimensions 22 cm.
650 ## - SUBJECT ADDED ENTRY--TOPICAL TERM
Topical term or geographic name as entry element Spirituality and Sufism
700 ## - ADDED ENTRY--PERSONAL NAME
Personal name লু’লু ,আব্দুল ওয়াহিদ
700 ## - ADDED ENTRY--PERSONAL NAME
Personal name হক,ইমদাদুল
942 ## - ADDED ENTRY ELEMENTS (KOHA)
Source of classification or shelving scheme Dewey Decimal Classification
Koha item type Books
Koha issues (borrowed), all copies 2
Holdings
Source of classification or shelving scheme Damaged status Not for loan Home library Current library Shelving location Date of accession Cost, normal purchase price Total Checkouts Full call number Barcode Date last seen Date checked out Copy number Method of acquisition Koha item type Currency
Dewey Decimal Classification     JCC Rouf Library JCC Rouf Library General Stacks   350.00 1 297.4092 BAD 2024 19627 09/09/2024 09/02/2024 C-1 Purchase Books BDT
Dewey Decimal Classification     JCC Rouf Library JCC Rouf Library General Stacks   350.00 1 297.4092 BAD 2024 19827 02/11/2025 01/19/2025 C-2 Purchase Books BDT
Dewey Decimal Classification     JCC Rouf Library JCC Rouf Library General Stacks   350.00   297.4092 BAD 2024 19828 01/05/2025   C-3 Purchase Books BDT
Dewey Decimal Classification     JCC Rouf Library JCC Rouf Library General Stacks   350.00   297.4092 BAD 2024 19829 01/05/2025   C-4 Purchase Books BDT
Dewey Decimal Classification     JCC Rouf Library JCC Rouf Library General Stacks   350.00   297.4092 BAD 2024 19830 01/05/2025   C-5 Purchase Books BDT
Dewey Decimal Classification     JCC Rouf Library JCC Rouf Library General Stacks   350.00   297.4092 BAD 2024 19831 01/05/2025   C-6 Purchase Books BDT

JCC Library | Contacts | JCC Home

Last Update on 23 September 2017
Copyright @ 2017-2020 JCC Rouf Library
Rouf Library, Jhenidah Cadet College (JCC), Bangladesh